[Event "21st Hogeschool Zeeland 2017"]
[Site "Vlissingen"]
[Date "2017.08.12"]
[Round "9"]
[White "Van Baar, Esper"]
[Black "Warmerdam, Max"]
[Result "0-1"]
[WhiteElo "2172"]
[BlackElo "2387"]
[Annotator "ChessBase"]
[PlyCount "130"]
[EventDate "2017.??.??"]
[SourceTitle "playchess.com"]
[Source "ChessBase"]
[SourceQuality "1"]
[TimeControl "40/5400+30:1800+30"]

1. e4 c5 {[%emt 0:00:47]} 2. Nc3 {[%emt 0:02:22]} d6 {[%emt 0:00:14]} 3. Nge2 {[%emt 0:00:22]} Nc6 {[%emt 0:00:33]} 4. g3 {[%emt 0:01:13]} g6 {[%emt 0:00:05]} 5. d4 {[%emt 0:01:31]} cxd4 {[%emt 0:00:07]} 6. Nxd4 {[%emt 0:00:20]} Bg7 {[%emt 0:00:08]} 7. Nde2 {[%emt 0:00:11]} Nf6 {[%emt 0:04:37]} 8. Bg2 {[%emt 0:02:31]} O-O {[%emt 0:00:39]} 9. O-O {[%emt 0:00:12]} Rb8 {[%emt 0:04:11]} 10. a4 {[%emt 0:03:02]} a6 {[%emt 0:00:06]} 11. h3 {[%emt 0:06:06]} b5 {[%emt 0:01:01]} 12. axb5 {[%emt 0:01:07]} axb5 {[%emt 0:00:34]} 13. Be3 {[%emt 0:07:08]} b4 {[%emt 0:02:38]} 14. Nd5 {[%emt 0:00:47]} Nd7 {[%emt 0:00:21]} 15. Nd4 {[%emt 0:04:46]} Bxd4 {[%emt 0:05:05]} 16. Bxd4 {[%emt 0:02:48]} e6 {[%emt 0:00:10]} 17. Ne3 {[%emt 0:05:01]} e5 {[%emt 0:00:09]} 18. Ba7 {[%emt 0:00:10]} Rb7 {[%emt 0:00:34]} 19. Qxd6 {[%emt 0:01:29]} Nxa7 {[%emt 0:00:25]} 20. Nd5 {[%emt 0:05:18]} Re8 {[%emt 0:29:49]} 21. Nxb4 {[%emt 0:07:54]} Nb5 {[%emt 0:01:20]} 22. Qd2 {[%emt 0:07:02]} Nd4 {[%emt 0:00:38]} 23. Rad1 {[%emt 0:12:04]} Nf6 {[%emt 0:17:32]} 24. c3 {[%emt 0:01:47]} Rxb4 {[%emt 0:00:24]} 25. cxb4 {[%emt 0:02:16]} Bxh3 {[%emt 0:00:05]} 26. f3 {[%emt 0:08:11]} Qb6 {[%emt 0:01:31]} 27. Kh2 {[%emt 0:00:51]} Bxg2 {[%emt 0:03:28]} 28. Kxg2 {[%emt 0:00:09]} Rb8 {[%emt 0:01:19]} 29. Qg5 {[%emt 0:01:49]} Qe6 {[%emt 0:01:39]} 30. Ra1 {[%emt 0:07:10]} Rxb4 {[%emt 0:00:28]} 31. Ra8+ {[%emt 0:00:21]} Kg7 {[%emt 0:00:40]} 32. Rf2 {[%emt 0:01:54]} Nxf3 {[%emt 0:07:23]} 33. Rxf3 {[%emt 0:07:38]} Rxb2+ {[%emt 0:00:05]} 34. Kg1 {[%emt 0:00:21]} Nxe4 {[%emt 0:04:42]} 35. Qd8 {[%emt 0:00:55]} Qb6+ {[%emt 0:02:47]} 36. Qxb6 {[%emt 0:00:04]} Rxb6 {[%emt 0:00:04]} 37. Re3 {[%emt 0:01:07]} Ng5 {[%emt 0:06:37]} 38. Ra5 {[%emt 0:00:04]} f6 {[%emt 0:01:04]} 39. Ra7+ {[%emt 0:00:11]} Kh6 {[%emt 0:00:27]} 40. Re2 {[%emt 0:00:30]} Kh5 {[%emt 0:30:47]} 41. Kg2 {[%emt 0:08:45]} Kg4 {[%emt 0:00:00]} 42. Ra4+ {[%emt 0:03:37]} Kf5 {[%emt 0:00:00]} 43. g4+ {[%emt 0:01:01]} Ke6 {[%emt 0:00:00]} 44. Ra8 {[%emt 0:01:08]} Rd6 {[%emt 0:00:00]} 45. Rb8 {[%emt 0:01:30]} Rd4 {[%emt 0:00:00]} 46. Kg3 {[%emt 0:01:03]} Ne4+ {[%emt 0:00:00]} 47. Kf3 {[%emt 0:01:20]} f5 {[%emt 0:00:00]} 48. gxf5+ {[%emt 0:00:06]} gxf5 {[%emt 0:00:00]} 49. Re8+ {[%emt 0:00:30]} Kd5 {[%emt 0:00:00]} 50. Rg2 {[%emt 0:07:17]} Nd6 {[%emt 0:03:43]} 51. Re7 {[%emt 0:01:12]} f4 {[%emt 0:02:05]} 52. Rxh7 {[%emt 0:01:00]} Rd3+ {[%emt 0:00:13]} 53. Kg4 {[%emt 0:02:54]} f3 {[%emt 0:02:42]} 54. Rf2 {[%emt 0:01:14]} Ne4 {[%emt 0:00:53]} 55. Rd7+ {[%emt 0:05:26]} Ke6 {[%emt 0:00:06]} 56. Rxf3 {[%emt 0:00:42]} Rxf3 {[%emt 0:00:19]} 57. Kxf3 {[%emt 0:00:28]} Ng5+ {[%emt 0:00:04]} 58. Kg4 {[%emt 0:00:06]} Kxd7 {[%emt 0:00:04]} 59. Kxg5 {[%emt 0:00:13]} Ke6 {[%emt 0:00:05]} 60. Kg4 {[%emt 0:00:05]} Kd5 {[%emt 0:00:04]} 61. Kf3 {[%emt 0:00:19]} Kd4 {[%emt 0:00:04]} 62. Kf2 {[%emt 0:00:22]} Kd3 {[%emt 0:00:05]} 63. Ke1 {[%emt 0:00:03]} e4 {[%emt 0:00:16]} 64. Kd1 {[%emt 0:00:08]} e3 {[%emt 0:00:05]} 65. Ke1 {[%emt 0:00:03]} e2 {[%emt 0:00:03]} 0-1